[Event "WR Chess Masters Cup 2024"]
[Site "London"]
[Date "2024.10.14"]
[Round "1.2"]
[White "Sivanandan, Bodhana"]
[Black "Erigaisi Arjun"]
[Result "0-1"]
[WhiteElo "2088"]
[BlackElo "2797"]
[Annotator "TA"]
[PlyCount "100"]
[EventDate "2024.10.12"]
[EventType "k.o."]
[EventCountry "ENG"]
[SourceTitle "playchess.com"]
[Source "ChessBase"]
[SourceQuality "1"]
[TimeControl "30/3600:20/1800:1800"]

{[%evp 9,99,37,49,36,54,10,16,0,7,0,0,0,0,0,0,0,0,-7,-15,-463,-450,-441,-250,-256,-268,-264,-267,-258,-258,-264,-265,-249,-245,-337,-351,-323,-306,-321,-323,-350,-360,-450,-371,-447,-453,-447,-440,-450,-441,-434,-394,-670,-676,-678,-682,-807,-807,-758,-737,-1748,-1645,-5907,-5854,-29981,-29982,-29982,-29983,-29983,-29984,-29984,-29985,-29985,-29986,-29985,-29986,-29986,-29987,-29987,-29988,-29989,-29990,-29992,-29993,-29995,-29996,-29996,-29997,-29997,-29998,-29998,-29999,-29999]} 1. e4 {[%emt 0:00:03]} g6 {[%emt 0:00:18]} 2. d4 {[%emt 0:00:25]} d6 {[%emt 0:00:07]} 3. Nc3 {[%emt 0:00:21]} Bg7 {[%emt 0:00:06]} 4. Be3 {[%emt 0:00:53]} c6 {[%emt 0:00:06]} 5. Qd2 {[%emt 0:00:50]} b5 {[%emt 0:00:31]} 6. a3 {[%emt 0:00:46][%cal Ba2a3,Ba3a4][%mdl 32]} Bb7 {[%emt 0:00:27]} 7. f3 {[%emt 0:01:47]} Nd7 {[%emt 0:00:08]} 8. Bd3 {[%emt 0:01:56] The position is equal.} a6 {[%emt 0:00:36]} 9. a4 {[%emt 0:03:51]} Ngf6 {[%emt 0:02:19]} 10. Nge2 {[%emt 0:01:31]} e5 {[%emt 0:00:39]} 11. O-O {[%emt 0:03:42][%cal Ra4b5]} O-O {[%emt 0:01:04]} 12. axb5 {[%emt 0:03:24]} axb5 {[%emt 0:00:11]} 13. dxe5 {[%emt 0:01:49]} Nxe5 {[%emt 0:00:07][%cal Bd7e5,Be5g4,Bg4f2][%mdl 32]} 14. Bh6 $2 {[%emt 0:02:14][%mdl 8192] White does not recover from this.} (14. b4 $11 {and White stays safe.}) 14... Bxh6 {[%emt 0:02:24]} 15. Qxh6 {[%emt 0:00:16]} Qb6+ {[%emt 0:00:05]} (15... Rxa1 $142 16. Rxa1 Nfg4 17. fxg4 Nxg4) 16. Kh1 $19 {[%emt 0:01:43]} Rxa1 {[%emt 0:00:08]} 17. Rxa1 {[%emt 0:00:27] [#]} Nfg4 $1 {[%emt 0:00:10][%mdl 512]} 18. fxg4 {[%emt 0:05:28]} Nxg4 {[%emt 0:00:07] ( -> ...Nf2+)} 19. Qh4 {[%emt 0:02:49]} Nf2+ {[%emt 0:00:06]} 20. Kg1 {[%emt 0:00:20]} Nxd3+ {[%emt 0:00:05]} 21. Kf1 {[%emt 0:01:12]} Nxb2 {[%emt 0:00:09]} 22. Qf2 {[%emt 0:01:43]} Qxf2+ {[%emt 0:00:39]} 23. Kxf2 {[%emt 0:00:03]} Ra8 {[%emt 0:00:29]} 24. Rxa8+ {[%emt 0:02:54]} Bxa8 {[%emt 0:00:07][%mdl 4096] Endgame. KBN-KNN} 25. g3 {[%emt 0:00:42]} Kg7 {[%emt 0:00:37]} 26. Ng1 {[%emt 0:05:13]} b4 {[%emt 0:00:17]} 27. Nb1 {[%emt 0:01:22]} Nc4 {[%emt 0:00:07] Wards off Nd2} 28. Nf3 {[%emt 0:01:03]} Na3 {[%emt 0:00:09]} (28... c5 29. Nbd2 Na3 30. e5 $19) 29. Nbd2 {[%emt 0:01:23]} Nxc2 {[%emt 0:00:24]} 30. Ke2 $2 {[%emt 0:00:00]} (30. e5 dxe5 31. Nxe5) 30... c5 {[%emt 0:00:00]} 31. Kd3 {[%emt 0:00:27]} Na3 {[%emt 0:00:20]} 32. h4 {[%emt 0:03:41]} d5 {[%emt 0:00:10]} 33. exd5 {[%emt 0:00:40]} Bxd5 {[%emt 0:00:05] Hoping for ...f5.} 34. Ne5 {[%emt 0:00:40] [#]} c4+ $1 {[%emt 0:00:09]} 35. Nexc4 {[%emt 0:00:19]} (35. Ke3 c3) 35... Nxc4 {[%emt 0:00:08]} 36. Nxc4 {[%emt 0:00:18]} Bxc4+ {[%emt 0:00:06] Black mates.} 37. Kxc4 {[%emt 0:00:15]} Kf6 {[%emt 0:00:04]} 38. Kxb4 {[%emt 0:00:21] K3P-KPP} Kf5 {[%emt 0:00:05]} 39. Kc5 {[%emt 0:00:26]} Kg4 {[%emt 0:00:06]} 40. Kd6 {[%emt 0:00:14]} Kxg3 {[%emt 0:00:06] KP-KP} 41. Ke5 {[%emt 0:00:23]} Kxh4 {[%emt 0:00:07]} 42. Kf6 {[%emt 0:00:11]} g5 {[%emt 0:00:04]} 43. Kxf7 {[%emt 0:00:14]} g4 {[%emt 0:00:05]} 44. Kg7 {[%emt 0:00:14]} g3 {[%emt 0:00:05]} 45. Kxh7 {[%emt 0:00:16] KP-K} g2 {[%emt 0:00:05]} 46. Kh6 {[%emt 0:00:16]} g1=Q {[%emt 0:00:07]} ({Inferior is} 46... g1=B 47. Kh7 $11) 47. Kh7 {[%emt 0:00:15]} Kh5 {[%emt 0:00:05]} 48. Kh8 {[%emt 0:00:20]} Kg6 {[%emt 0:00:05]} 49. Kg8 {[%emt 0:00:13]} Qf2 {[%emt 0:00:05]} 50. Kh8 {[%emt 0:00:00]} Qf8# {[%emt 0:00:00] Weighted Error Value: White=0.81/Black=0.15 (very precise) .  Loses game:     	White=1     	---        Mistake:       	White=1     	Black=1      Inaccurate:     	White=2     	---        OK:         	White=7     	Black=12     Best:        	White=2     	---} 0-1

[Event "WR Chess Masters Cup 2024"]
[Site "London"]
[Date "2024.10.14"]
[Round "1.3"]
[White "Sindarov, Javokhir"]
[Black "Vachier-Lagrave, Maxime"]
[Result "0-1"]
[WhiteElo "2668"]
[BlackElo "2735"]
[Annotator "TA"]
[PlyCount "114"]
[EventDate "2024.10.12"]
[EventType "k.o."]
[EventCountry "ENG"]
[SourceTitle "playchess.com"]
[Source "ChessBase"]
[SourceQuality "1"]

{[%evp 36,114,43,45,61,81,82,76,75,78,76,88,183,179,157,135,135,112,124,97,104,97,97,93,98,68,72,26,29,0,0,0,0,0,0,0,0,0,0,0,0,0,0,0,0,0,0,0,0,0,0,0,0,0,0,0,0,0,0,0,0,0,0,0,0,0,0,0,0,0,0,-62,-29,-29,-29,-29,-29,-29,-29,-29,-22]} 1. e4 c5 2. Nf3 d6 3. d4 cxd4 4. Nxd4 Nf6 5. Nc3 a6 6. Bd3 e5 7. Nde2 Nc6 {B90: Sicilian Najdorf: Unusual White 6th moves, 6 Be3 Ng4 and 6 Be3 e5.} 8. O-O Be6 9. f4 exf4 10. Nxf4 Ne5 11. b3 Be7 12. Bb2 O-O 13. Qe1 Nfd7 14. Ncd5 Rc8 $146 ({Predecessor:} 14... Bg5 15. Rd1 Rc8 16. c4 Bxd5 17. Nxd5 Re8 18. Qg3 Re6 19. Be2 Rg6 20. Qh3 b5 {1-0 Ongut,T (2263)-Devnani,K (2230) Budapest FS03 IM-2 2024 (1)}) 15. Rd1 Rc6 16. Kh1 Bg5 17. c4 Re8 18. h3 Bxf4 19. Nxf4 Qg5 20. Bb1 Nc5 21. Qf2 Qe7 22. Qg3 h6 23. Nd5 Bxd5 (23... Qg5 $16 {keeps fighting.} 24. Qe1 f6) 24. exd5 $18 (24. cxd5 $6 Rcc8 $14) 24... Rcc8 25. Rf5 Ncd7 26. Rdf1 f6 27. R5f2 Rc7 28. a4 b5 29. cxb5 axb5 30. axb5 Rb7 31. Bf5 (31. Bxe5 $16 Qxe5 32. Rf4) 31... Rxb5 $11 32. Bxd7 (32. Rc1 {keeps more tension.} Reb8 33. Be6+ Kh8 34. Bxe5 Nxe5 35. Rfc2) 32... Nxd7 33. Bxf6 Nxf6 34. Rxf6 Rxd5 35. Rf7 (35. Rxh6 $2 Rg5 36. Qxd6 Qe4 $19 (36... gxh6 $2 37. Qxh6 Rg7 38. Qd2 $19)) 35... Qg5 (35... Qxf7 $6 36. Rxf7 Kxf7 37. Qf3+ Ke6 38. Qe4+ Re5 39. Qg6+ Kd5 40. Qxg7 $16) 36. Qf3 Rde5 37. b4 Kh7 38. Rf4 Re3 39. Qc6 Qe5 40. Qc2+ Kg8 41. Qg6 Qe6 42. Rf6 Qe4 43. Qf7+ Kh7 44. R6f3 Rxf3 45. Rxf3 Re7 46. Qb3 Qe1+ 47. Kh2 Qe5+ 48. Kh1 Qe1+ 49. Kh2 Qe5+ 50. Rg3 h5 51. Qd3+ Kh8 52. h4 Qf4 53. Kh3 (53. Qf3 $11 Qe5 54. Kh3) 53... Re1 (53... Qxb4 54. Qf5 Qe4 55. Qxh5+ Kg8 56. Qg6 $11) 54. Kh2 Qxh4+ (54... Qf2 $5 55. Rf3 $8 Qxh4+ 56. Rh3 Qf4+ (56... Qxb4 57. Rxh5+ Kg8 58. Qd5+ Kf8 59. Rh8+ Ke7 60. Qg5+ Ke6 61. Qg6+ Kd5 62. Qd3+ Ke6 63. Qg6+ Kd5 64. Qd3+ Ke6 65. Qg3 $14) 57. Qg3 Qxg3+ (57... Qxb4 58. Qg5 $11) 58. Rxg3 Rb1 $14) 55. Rh3 Qf4+ ({Much worse is} 55... Qxb4 56. Rxh5+ Kg8 57. Qd5+ Kf8 58. Rh8+ Ke7 59. Qg5+ Kd7 60. Qd8+ (60. Qxg7+ Re7 $16) 60... Ke6 61. Qc8+ Ke5 62. Re8+ Kd5 63. Qf5+ (63. Qa8+ Kd4 $11) 63... Re5 64. Qf7+ Kd4 65. Ra8 $14 (65. Qxg7 Qc5 $11)) 56. Qg3 Qxg3+ 57. Rxg3 Re5 0-1

[Event "WR Chess Masters Cup 2024"]
[Site "London"]
[Date "2024.10.14"]
[Round "1.3"]
[White "Kosteniuk, Alexandra"]
[Black "Abdusattorov, Nodirbek"]
[Result "1/2-1/2"]
[WhiteElo "2480"]
[BlackElo "2783"]
[Annotator "TA"]
[PlyCount "92"]
[EventDate "2024.10.12"]
[EventType "k.o."]
[EventCountry "ENG"]
[SourceTitle "playchess.com"]
[Source "ChessBase"]
[SourceQuality "1"]

{[%evp 16,92,0,-2,0,12,0,0,0,0,0,0,0,-12,-1,-16,8,0,81,44,70,0,0,22,30,38,47,0,0,0,0,0,0,0,0,-3,-10,-72,-79,-55,-62,-177,-117,-252,-233,-243,-115,-115,-113,-113,-114,-113,-106,-245,0,-231,-218,-294,-282,-268,-268,-528,-520,-429,-182,-210,-197,-269,-262,-204,0,0,0,0,0,0,0,0,0]} 1. e4 e5 2. Nf3 Nc6 3. d4 exd4 4. Nxd4 Nf6 5. Nxc6 bxc6 6. Bd3 d5 7. exd5 cxd5 8. O-O Be7 9. c4 d4 10. Bg5 O-O 11. Qc2 h6 12. Bxf6 Bxf6 13. b4 Be7 {A strong pair of Bishops.} 14. a3 c5 15. b5 Bg5 16. a4 a5 (16... Qa5 $11) 17. Be4 Rb8 18. Ra3 (18. f4 $14 Bf6 19. Qd3) 18... Rb6 19. Nd2 Bxd2 20. Qxd2 Bb7 21. Bc2 (21. Bxb7 $14 {was preferrable.} Rxb7 22. Re1) 21... Re6 $11 22. Rg3 Rfe8 23. Bd3 Kf8 24. h3 Be4 25. Rb1 Qb6 26. Kh2 (26. Bxe4 $11 Rxe4 27. Rgb3) 26... Bxd3 $1 $17 27. Qxd3 g6 28. Rb3 (28. h4 $15) 28... Kg7 (28... Qd6 $19 {Hoping for ...Re1.} 29. b6 h5) 29. Qf3 (29. Rg4 $17) 29... Rf6 30. Qd5 {[#]} Rxf2 (30... Qc7 $1 $19 {and Black stays clearly on top.} 31. f4 Ree6 (31... Qxf4 $2 32. Rbf3 $19) (31... Rxf4 32. b6 $17)) 31. Rbf3 Rxf3 32. Rxf3 {[%mdl 4096] Endgame. KQR-KQR} Qc7+ 33. Kg1 {[%cal Ob5b6]} Re7 34. h4 (34. Rf1 $17) 34... Rd7 $2 ({Black should play} 34... Re1+ $19 35. Rf1 Rxf1+ (35... Qe7 $2 36. Qf3 $17) 36. Kxf1 Qf4+ 37. Kg1 Qe3+ (37... Qxh4 38. Qe5+ Kh7 39. b6 $15) 38. Kh2 d3) 35. Qe4 $2 (35. b6 $1 $11 Qb7 (35... Qc8 36. Qe5+ Kh7 37. h5 $11) 36. Qe5+ (36. Qxc5 $2 d3 $19) 36... Kh7 37. h5 (37. Qxc5 $2 {too greedy.} d3 $19) 37... Qxb6 38. Qe8) 35... Qd6 $19 36. Qd3 {[#]} h5 $1 37. Rf1 Re7 38. Rb1 $2 (38. Rd1) 38... Re3 39. Qd2 {[%cal Ob5b6]} Qb6 (39... Re4 $142 40. Qd3 Rxh4) 40. Qf2 Re6 41. Qf4 (41. Kh2 $142) 41... d3 42. Rd1 Rd6 (42... Qd8 $19 {White must now prevent ...Re2.} 43. Rd2 Kg8) 43. Qe5+ $11 {The position is equal.} Kg8 44. Qe8+ Kg7 45. Qe5+ Kg8 46. Qe8+ Kg7 {Weighted Error Value: White=0.37/Black=0.32.  Loses game:     	White=1     	---        Missed win:     	---       	Black=2      Mistake:       	White=8     	Black=4      Inaccurate:     	White=2     	Black=1      OK:         	White=13    	Black=14     Best:        	White=1     	Black=3      Strong:       	---       	Black=2} 1/2-1/2

[Event "WR Chess Masters Cup 2024"]
[Site "London"]
[Date "2024.10.15"]
[Round "2.1"]
[White "Praggnanandhaa R"]
[Black "Anand, Viswanathan"]
[Result "1/2-1/2"]
[WhiteElo "2746"]
[BlackElo "2751"]
[Annotator "TA"]
[PlyCount "104"]
[EventDate "2024.10.12"]
[EventType "k.o."]
[EventCountry "ENG"]
[SourceTitle "playchess.com"]
[Source "ChessBase"]
[SourceQuality "1"]

{[%evp 11,104,0,-2,-2,-1,0,0,-9,0,-19,-9,-6,-2,-18,-10,-15,-14,-17,0,0,0,-13,0,-13,-17,-14,0,-13,0,0,0,0,5,0,0,0,0,0,0,0,0,0,0,0,0,-110,-120,-113,-112,-114,-112,-114,-116,-123,-112,-130,-122,-114,-117,-122,-127,-134,-127,-123,-126,-126,-119,-118,-125,-110,-100,-132,-132,-132,-132,-132,-125,-125,-124,-122,-122,-102,-95,-104,-106,-107,-106,-103,-113,-113,-85,-85,-67,-67,0]} 1. d4 d5 {[%cal Bd7d5,Bd5c4][%mdl 32]} 2. c4 c6 3. Nf3 Nf6 4. g3 dxc4 5. Bg2 b5 6. O-O e6 7. Ne5 Bb7 8. b3 cxb3 9. axb3 {The position is equal.} Be7 10. Bb2 O-O 11. Nd2 a5 12. Qc2 Nd5 {[%cal Oc6c5]} 13. Ne4 Nb4 14. Qc3 f6 15. Nd3 Nxd3 16. Qxd3 f5 17. Nd2 Na6 {[%cal Bb8a6,Ba6b4,Bb4d5][%mdl 32]} 18. Qe3 Rf6 19. Nf3 {[%cal Od4d5]} Nb4 20. Rfc1 {Prevents Nc2.} Nd5 21. Qd2 Bd6 22. Ne5 Bxe5 23. dxe5 Rf7 24. Bd4 Nb4 25. Qb2 Rd7 26. Be3 Nd5 27. Bc5 b4 28. Bd6 {A strong pair of Bishops.} (28. Rd1 $11 {keeps the balance.}) 28... Nc3 $17 29. Rxc3 bxc3 30. Qxc3 {[%cal Oe2e4] [#]} c5 $1 31. Qxc5 Bxg2 32. Kxg2 Rb7 33. Ra3 Qe8 34. Qc3 Qb5 35. b4 Rba7 36. Qb3 Kf7 ({Much weaker is} 36... Qxe2 $6 37. Qxe6+ Rf7 38. Ra2 $11 (38. bxa5 Qe4+ 39. Rf3 Qc6 $11)) 37. bxa5 Qxb3 38. Rxb3 Rxa5 {[%mdl 4096] Endgame. KRR-KRB} 39. Kf3 Ra4 40. Bc5 Rc4 41. Bd6 Ra7 42. Rb8 Rc3+ 43. Kg2 Rc2 44. Kf3 h6 45. h3 Rc3+ 46. Kg2 Ra2 47. Rf8+ Kg6 48. Re8 Rxe2 {Strongly threatening ...Rcc2.} 49. Rxe6+ Kh7 {aiming for ...Rcc2.} 50. Bb8 Ra3 {Hoping for ...Raa2.} 51. Re7 Raa2 52. Ba7 {[#]} Rxa7 {Weighted Error Value: White=0.07 (flawless) /Black=0.03 (flawless) .  Mistake:       	White=1     	Black=1      Inaccurate:     	White=1     	---        OK:         	White=20    	Black=25     Best:        	White=4     	Black=1} 1/2-1/2

[Event "WR Chess Masters Cup 2024"]
[Site "London"]
[Date "2024.10.15"]
[Round "2.1"]
[White "Vachier-Lagrave, Maxime"]
[Black "Abdusattorov, Nodirbek"]
[Result "1/2-1/2"]
[WhiteElo "2735"]
[BlackElo "2783"]
[Annotator "TA"]
[PlyCount "41"]
[EventDate "2024.10.12"]
[EventType "k.o."]
[EventCountry "ENG"]
[SourceTitle "playchess.com"]
[Source "ChessBase"]
[SourceQuality "1"]

{[%evp 13,41,29,32,0,0,0,32,29,29,7,21,0,6,22,41,30,34,28,36,24,28,0,0,0,36,0,18,0,18,0]} 1. e4 c6 2. d4 d5 3. e5 Bf5 4. Nf3 e6 5. Be2 c5 6. Be3 cxd4 7. Nxd4 Ne7 8. c3 Nbc6 9. O-O a6 10. f4 {White is slightly better.} Rc8 11. g4 Bg6 12. Nd2 Nxd4 13. Bxd4 Qd7 14. Nb3 Nc6 15. Bb6 Be7 16. Rc1 O-O 17. c4 Be4 18. Nd2 Bg6 (18... Nb4 $5 19. Nxe4 Qc6 $17) 19. Nb3 {Strongly threatening cxd5.} (19. cxd5 $5 Qxd5 20. f5 $11) 19... Be4 20. Nd2 {[#] Nxe4 would now be deadly.} Bg6 21. Nb3 {Weighted Error Value: White=0.14 (very precise) /Black=0.10 (very precise) .  Inaccurate:     	White=1     	Black=2      OK:         	White=3     	Black=6} (21. cxd5 $5 Qxd5 22. f5 $11) 1/2-1/2

[Event "WR Chess Masters Cup 2024"]
[Site "London"]
[Date "2024.10.15"]
[Round "2.1"]
[White "Vidit, Santosh Gujrathi"]
[Black "Erigaisi Arjun"]
[Result "1/2-1/2"]
[WhiteElo "2726"]
[BlackElo "2797"]
[Annotator "TA"]
[PlyCount "106"]
[EventDate "2024.10.12"]
[EventType "k.o."]
[EventCountry "ENG"]
[SourceTitle "playchess.com"]
[Source "ChessBase"]
[SourceQuality "1"]

{[%evp 12,106,13,0,26,33,61,69,62,63,51,36,45,31,43,12,52,14,45,22,53,14,20,12,26,8,38,0,0,0,0,0,0,0,0,-68,-25,-90,-78,-141,-127,-140,-101,-99,-106,-97,-97,-79,-83,-131,-93,-80,-83,-115,-115,-112,-115,-114,-75,-83,-31,-47,-17,-25,0,0,0,0,0,0,163,174,155,175,155,165,152,0,0,0,0,0,0,0,0,0,0,0,0,0,0,0,0,0,0,0,0]} 1. e4 {[%cal Be2e4,Be4e5][%mdl 32]} e6 2. d4 d5 3. Nc3 Nf6 4. e5 Nfd7 5. f4 c5 6. Nf3 Nc6 7. Be3 h6 8. Qd2 g5 9. dxc5 (9. fxg5 cxd4 10. Nxd4 Ndxe5 $11) 9... gxf4 {Weiß steht etwas besser.} 10. Bxf4 Nxc5 11. Bd3 Qb6 12. O-O-O Bd7 13. Be3 Qa5 14. Kb1 O-O-O 15. Bb5 Be8 16. a3 Nd7 17. Rhe1 a6 18. Bxc6 bxc6 {Schwarz hat schwache schwarze Felder} 19. Bf2 {Bh4 wäre nun fies.} Kb7 20. Nd4 Qc7 {[%cal Oh8g8]} 21. Nb3 Rg8 22. g3 Rc8 {[%cal Oc6c5]} 23. Re2 (23. Be3 $11) 23... Rg6 {[%cal Oc6c5]} 24. Qf4 (24. Be3 $11) 24... c5 $17 25. h4 ({Vorzuziehen ist} 25. Rde1) 25... h5 $1 26. Rde1 Nb6 27. Qf3 Rg4 28. Be3 Nc4 {[%cal Oc4e3] Zielt auf ...Nxe3! ab.} (28... Qxe5 29. Bxc5 Qxg3 30. Qxg3 Rxg3 31. Bxf8 $18) 29. Bf4 Bc6 30. Qd3 {[#]} (30. Nd2 $142 Nb6 31. Qf1) 30... Nxa3+ $1 {[%mdl 512]} 31. bxa3 c4 $1 32. Qd4 cxb3 33. cxb3 Bxa3 34. Ra2 Be7 35. Rc1 Bd7 (35... Qd8 $17 36. Na4 Bb5) 36. Qd3 $15 Qb6 37. Qh7 $1 {[%csl LRf7,LRh5] Verhindert Bxh4.} Bb4 (37... Qxb3+ $2 38. Rb2 $18) (37... Qb4 $5 38. Qxf7 Rxf4 (38... Rxc3 39. Rxc3 Rxf4 40. gxf4 $11) 39. gxf4 Rxc3 40. Rxc3 (40. Qxh5 Rxb3+ 41. Kc2 Rc3+ 42. Kd2 Qd4+ 43. Ke1 Qg1+ 44. Ke2 Bb5+ 45. Kd2 Qxc1#) 40... Qxc3 41. Qxe7 Qe1+ 42. Kb2 Qd2+ 43. Ka3 Qc1+ 44. Rb2 Qa1+ 45. Ra2 Qc1+ 46. Kb4 Qe1+ 47. Ka3 Qc1+ $11) 38. Ne2 Rgg8 {Und jetzt ...Bb5 wäre schön.} 39. Qxf7 Qb5 40. Nd4 Qd3+ {[#]} (40... Rgf8 $1 $11 {und Schwarz ist OK.} 41. Qg6 Rxc1+ 42. Bxc1 Qf1) 41. Rac2 $1 $18 Rgd8 {Und ...Ba3 würde nun gewinnen.} 42. Bg5 $1 {Sehr scharf! Weiß steht aktiver.} Ka8 ({Vergiftet wäre} 42... Rxc2 $2 43. Rxc2 Qxd4 44. Bxd8 Qd1+ 45. Kb2 $18) 43. Bxd8 Rxd8 {[#]} 44. Nxe6 (44. Qf2 $1 $16) 44... Qxb3+ $11 {Die Stellung ist ausgeglichen.} 45. Rb2 Qd3+ 46. Rcc2 Rc8 {Droht ...Rc3 und aus.} 47. Qxd7 (47. Nf4 $5 Qd1+ $8 (47... Qxg3 48. Qxd5+) 48. Ka2 Rxc2 49. Qxd7 Rxb2+ 50. Kxb2 Qd4+ 51. Ka2 Qc4+ (51... Qxe5 52. Qc6+ Ka7 53. Nxd5 $11) 52. Kb1 Qe4+ 53. Kc1 Qxe5 54. Qa4 Qe3+ 55. Kb1 Qe4+ 56. Ka2 $11) 47... Rxc2 48. Rxc2 {[%cal Oe6d4]} Qb3+ 49. Rb2 Qd3+ 50. Ka1 {Droht Matt per Nc7+.} Qa3+ 51. Kb1 Qd3+ 52. Rc2 {[%cal Oe6d4] jetzt Nd4! und aus.} Qb3+ 53. Rb2 Qd3+ {Gewichteter Fehlerwert: Weiß=0.17 (sehr präzise) /Schwarz=0.14 (sehr präzise) .  Verlustzug:     	---       	Schwarz=1     Fehler:       	Weiß=5     	Schwarz=1     Ungenau:       	Weiß=5     	Schwarz=7     OK:         	Weiß=10    	Schwarz=19    Bester:       	Weiß=8     	Schwarz=6     Stark:        	Weiß=3     	Schwarz=2} 1/2-1/2

[Event "WR Chess Masters Cup 2024"]
[Site "London"]
[Date "2024.10.15"]
[Round "2.2"]
[White "Erigaisi Arjun"]
[Black "Vidit, Santosh Gujrathi"]
[Result "1-0"]
[WhiteElo "2797"]
[BlackElo "2726"]
[Annotator "TA"]
[PlyCount "101"]
[EventDate "2024.10.12"]
[EventType "k.o."]
[EventCountry "ENG"]
[SourceTitle "playchess.com"]
[Source "ChessBase"]
[SourceQuality "1"]
[TimeControl "30/3600:20/1800:1800"]

{[%evp 20,101,0,0,0,0,0,0,0,-28,0,0,10,0,30,16,20,20,18,25,25,19,33,27,31,37,33,34,33,34,36,34,75,80,81,81,119,121,122,130,135,139,118,109,106,110,123,103,129,129,134,125,170,168,179,188,182,143,184,189,183,188,183,195,197,197,220,191,191,193,250,248,261,243,282,272,322,312,354,358,481,473,543,506]} 1. e4 {[%emt 0:00:16]} e5 {[%emt 0:00:40]} 2. Nf3 {[%emt 0:00:13]} Nc6 {[%emt 0:00:06]} 3. Bb5 {[%emt 0:00:05]} Nf6 {[%emt 0:00:19]} 4. O-O {[%emt 0:00:07]} Nxe4 {[%emt 0:00:07]} 5. d4 {[%emt 0:00:05]} Nd6 {[%emt 0:00:11]} 6. Ba4 {[%emt 0:00:06] C67: Ruy Lopez: Berlin Defence: 4 0-0 Nxe4.} e4 {[%emt 0:00:34]} 7. Re1 {[%emt 0:00:06]} Be7 {[%emt 0:00:15]} 8. Ne5 {[%emt 0:00:05]} O-O {[%emt 0:00:40]} 9. Nc3 {[%emt 0:00:06]} f5 {[%emt 0:00:23]} 10. Bf4 $5 {[%emt 0:00:07][%mdl 4] Leaves trodden paths.} Nxe5 {[%emt 0:09:01]} 11. dxe5 {[%emt 0:00:06]} Nf7 {[%emt 0:00:05]} 12. Bb3 {[%emt 0:00:05]} Kh8 {[%emt 0:02:48]} 13. Bxf7 {[%emt 0:00:11]} Rxf7 {[%emt 0:00:02]} 14. Qh5 {[%emt 0:00:07]} Kg8 $146 {[%emt 0:17:38]} ({Predecessor:} 14... Qf8 15. Rad1 b6 16. Nd5 Bd8 17. Bg5 g6 18. Qh4 Bxg5 19. Qxg5 d6 20. Nf4 Bb7 21. exd6 cxd6 {1-0 Naroditsky,D (2622)-Ippolito,D (2381) Charlotte op 2023 (6)}) 15. Nd5 {[%emt 0:06:40]} d6 {[%emt 0:00:34]} 16. Rad1 {[%emt 0:00:06]} (16. Nxe7+ {simplifies} Qxe7 17. exd6 cxd6 18. Rad1) 16... Be6 {[%emt 0:03:07]} 17. Nxe7+ {[%emt 0:00:30]} Qxe7 {[%emt 0:05:34]} 18. exd6 {[%emt 0:00:06]} cxd6 {[%emt 0:00:03]} 19. Rxd6 {[%emt 0:00:05]} Rd8 {[%emt 0:00:57]} 20. Red1 {[%emt 0:00:07]} Rxd6 {[%emt 0:00:09]} 21. Rxd6 {[%emt 0:00:08]} Rf8 {[%emt 0:01:53]} 22. Qd1 {[%emt 0:00:07]} Re8 {[%emt 0:00:17]} 23. Qd4 {[%emt 0:02:43]} a6 {[%emt 0:00:08]} 24. c4 {[%emt 0:02:20]} Qf7 {[%emt 0:00:22]} 25. b3 {[%emt 0:00:38]} Re7 {[%emt 0:00:48]} 26. Rd8+ {[%emt 0:05:35]} Re8 {[%emt 0:00:02]} 27. Be5 {[%emt 0:00:02]} g5 {[%emt 0:04:17]} 28. h4 {[%emt 0:03:34]} gxh4 {[%emt 0:00:54]} 29. Qd2 {[%emt 0:02:33]} f4 {[%emt 0:06:14]} 30. Bxf4 {[%emt 0:00:00]} Qe7 31. Rxe8+ {[%emt 0:06:59]} Qxe8 {[%emt 0:00:37]} 32. Bh6 {[%emt 0:11:09]} Qe7 {[%emt 0:04:56]} 33. Qf4 {[%emt 0:01:18]} Bd7 {[%emt 0:05:04]} 34. Bg5 {[%emt 0:08:19]} Qe6 {[%emt 0:01:15]} 35. Bxh4 {[%emt 0:00:38]} (35. Bh6 Qf5 36. Qxh4 Qg4 37. Qd8+ Kf7 38. Qf8+ Ke6) 35... e3 {[%emt 0:02:09]} 36. f3 {[%emt 0:03:20]} ({Don't play} 36. Qxe3 Qxe3 37. fxe3 Bf5 $16) 36... e2 {[%emt 0:01:37]} 37. Be1 {[%emt 0:00:40]} Qb6+ {[%emt 0:01:36]} 38. Kh2 {[%emt 0:00:00]} Qg6 39. Qd2 {[%emt 0:00:00]} Qe6 {[%emt 0:00:00]} 40. Kg1 {[%emt 0:00:00]} (40. Qg5+ Kf7 41. Qf4+ Ke8) 40... b5 {[%emt 0:00:00]} 41. c5 {[%emt 0:00:00]} a5 {[%emt 0:00:00]} 42. Kf2 {[%emt 0:00:00]} b4 {[%emt 0:00:00]} 43. Qg5+ {[%emt 0:00:00]} Kf7 {[%emt 0:00:00]} 44. Qf4+ {[%emt 0:00:00]} Kg6 {[%emt 0:00:00]} (44... Qf6 {keeps fighting.} 45. Qc7 Qh4+ 46. g3 (46. Kxe2 Qe7+ 47. Kf2 Bb5 $16) 46... Qh2+ 47. Ke3 Qh6+ 48. Kxe2 Qa6+ 49. Kf2 Ke8 50. Qb8+ Kf7) 45. Qg3+ $18 {[%emt 0:00:00]} Kf6 {[%emt 0:00:00]} 46. Qc7 {[%emt 0:00:00]} Qd5 {[%emt 0:00:00]} 47. Qxa5 {[%emt 0:00:00]} Qd4+ {[%emt 0:00:00]} 48. Kxe2 {[%emt 0:00:00]} Qe5+ {[%emt 0:00:00]} 49. Kf1 {[%emt 0:00:00]} Bf5 {[%emt 0:00:00]} 50. Qxb4 {[%emt 0:00:00]} Bd3+ {[%emt 0:00:00]} 51. Kf2 {[%emt 0:30:00]} 1-0